00618 2200217 4500001002100000005001500021035002000036007000300056008004100059020002200100082001000122084001600132100003100148245006100179250001100240260003100251300003100282650001200313700004500325700003000370INLIS00000000000202820260218110948 a0010-0226000038ta260218 d 0 ind  a978-623-522-851-8 a959.8 a959.8 EKO e0 aEko Pujiono, S.Pd., S.Kom.1 aErlangga X-Press TKA Sejarah SMA/MA /cEko Pujiono, dkk. aCet. 1 aJakarta :bErlangga,c2025 aiv + 164 hlm ;c21 x 26 cm aSejarah0 aAvif ArfiantoPurwoko Utomo, S.Pd., m.Pd0 aMoh. Aris Setyawan, S.Pd.